• 首页
  • 本馆介绍
  • 公告通知
  • 最新文献
  • 馆藏检索
  • 电子资源
  • 读者导购
  • 参考咨询
  • 我的图书馆
  • 登录
  • 详细信息显示
  • 放入我的书架
  • 预约/预借图书
  • 作者相关作品
  • 分类相关作品
  • 丛书相关作品
  • 出版社相关作品

书目信息

  • 表格格式
  • 工作单格式
  • 卡片格式
题名:
信息资源建设
    
 
作者: 甘友庆 主编
分册:  
出版信息: 北京   社会科学文献出版社  2022.02
页数: 369页
开本: 24cm
丛书名:
单 册:
中图分类: G250.73
科图分类:
主题词: 信息资源--xin xi zi yuan--资源建设
电子资源:
ISBN: 978-7-5201-9794-6
000 01069nam0 2200253 450
001 012001000545
005 20140131152014.0
010    @a978-7-5201-9794-6@dCNY138.00
099    @aCAL 012022039517
100    @a20220905d2022 em y0chiy50 ea
101 0  @achi
102    @aCN@b110000
105    @aa a 000yy
106    @ar
200 1  @a信息资源建设@Axin xi zi yuan jian she@f甘友庆主编
210    @a北京@c社会科学文献出版社@d2022.02
215    @a369页@c图@d24cm
320    @a有书目 (第361-369页)
330    @a本书力图全面、系统地介绍和探索知识经济社会和智能化社会背景下以图书馆为主体的信息机构如何利用现代信息技术,在信息采访、信息组织、信息检索、信息共建共享等最新理论的指导下进行信息资源建设的问题,也介绍了当今信息资源建设取得的成就及未来发展的趋势。本书可作为图书馆学、情报学、信息资源管理、信息管理与信息系统专业研究生及本科生的教材,也可作为图书馆馆员培训的教材。
606 0  @a信息资源@Axin xi zi yuan@x资源建设
690    @aG250.73@v5
701  0 @a甘友庆@Agan you qing@4主编
801  0 @aCN@bAHXH@c20221111
905    @b1364588-90@dG250.73@e170@f3
    
    信息资源建设/甘友庆主编.-北京:社会科学文献出版社,2022.02
    369页:图;24cm
    
    
    ISBN 978-7-5201-9794-6:CNY138.00
    本书力图全面、系统地介绍和探索知识经济社会和智能化社会背景下以图书馆为主体的信息机构如何利用现代信息技术,在信息采访、信息组织、信息检索、信息共建共享等最新理论的指导下进行信息资源建设的问题,也介绍了当今信息资源建设取得的成就及未来发展的趋势。本书可作为图书馆学、情报学、信息资源管理、信息管理与信息系统专业研究生及本科生的教材,也可作为图书馆馆员培训的教材。
●
相关链接 在E读中查询图书 在五车中查询图书 在当当中查询图书 在豆瓣中查询图书


正题名:信息资源建设     索取号:G250.73/170         预约/预借

序号 登录号 条形码 馆藏地/架位号 状态 备注
1 1364588   213645885   第一样本阅览室/ [索取号:G250.73/170] 在馆    
2 1364589   213645894   第四借阅区/ [索取号:G250.73/170] 在馆    
3 1364590   213645901   第四借阅区/ [索取号:G250.73/170] 在馆    
唐山师范学院图书馆 欢迎您!
大连网信软件有限公司© 版权所有